000 00778nam a2200205Ia 4500
003 GCL
008 140319s9999 xx 000 0 ara d
020 _a5357287977
040 _aGCL /
_cGCL
082 0 4 _a526.9
_bش د
100 1 _aشريف فتحى الشافعى
245 1 0 _aدليل استخدام الاجهزة المساحية الحديثة فى اعمال الرفع المساحى التيودوليت الحديث /
_cشريف فتحى الشافعى
260 _aالقاهرة :
_bدار الكتب العلمية للنشر والتوزيع ،
_c2004
300 _a247 ص ؛
_c25 سم
650 0 4 _aالمساحة
650 0 4 _aحساب المساحات
650 0 4 _aالمساحة - ادوات
650 0 4 _aالتيودوليت
942 _2ddc
_cBK
999 _c32894
_d32894